000 00299nam a2200133Ia 4500
100 _aHughes & Gaylord
942 _cBK
654 _aEquations
245 _aBasic Equations of Engineering Science
260 _bSchaum Publishing co
_c2001
082 _a530.15
300 _a163
546 _aENGLISH
999 _c34111
_d34111